Richest Companies in the World - 2024 - Statistics

General Stats
  • This quiz has been taken 83 times
  • The average score is 5 of 13
Answer Stats
Value (in billions of $) Answer % Correct
2 535 Apple
90%
1 006 Amazon
74%
2 089 Microsoft
72%
602 Tesla
71%
534 Meta
53%
1 354 Alphabet
32%
368 JPMorgan Chase
12%
230 Alibaba
10%
455 Tencent
10%
659 Berkshire Hathaway
9%
456 Visa
9%
1 882 Saudi Aramco
7%
398 Johnson & Johnson
6%
No matching quizzes found
Score Distribution
Percent of People with Each Score
Percentile by Number Answered
Your Score History
You have not taken this quiz